[Event "Brno Duras op-B"]
[Site "Brno"]
[Date "2014.06.28"]
[Round "1"]
[White "Strelec, Ladislav"]
[Black "Senasi, Martin"]
[Result "1-0"]
[WhiteElo "1249"]
[BlackElo "1695"]
[PlyCount "95"]
[EventDate "2014.06.28"]
[EventType "swiss"]
[EventRounds "9"]
[EventCountry "CZE"]
[SourceTitle "EXT 2017"]
[Source "ChessBase"]
[SourceDate "2016.10.25"]
[SourceVersion "1"]
[SourceVersionDate "2016.10.25"]
[SourceQuality "1"]

1. d4 f5 2. Nc3 g6 3. e3 Bg7 4. Bc4 Nf6 5. f3 d5 6. Bb3 e6 7. Nge2 Nc6 8. Ba4 Bd7 9. Nf4 Qe7 10. 0-0 a6 11. Re1 0-0 12. a3 Rad8 13. Bb3 Na5 14. Ba2 b5 15. e4 fxe4 16. fxe4 g5 17. Ng6 hxg6 18. Bxg5 dxe4 19. Rxe4 Qd6 20. Bf4 Nxe4 21. Bxd6 Nxd6 22. Qd3 Nf5 23. Ne4 Bxd4+ 24. Kh1 Bxb2 25. Re1 Bc8 26. Qh3 Kg7 27. c3 Bb7 28. Ng5 Rh8 29. Nxe6+ Kf6 30. Qg4 Rd5 31. Qg5+ Kf7 32. Bxd5 Bxd5 33. Nf4 Rg8 34. Nxd5 Rg7 35. Qf6+ Kg8 36. Re8+ Kh7 37. Qg5 Rf7 38. Nf6+ Kg7 39. Nh5+ Kh7 40. Nf4 Rg7 41. g4 Nh6 42. Qf6 Nxg4 43. Qf8 Kh6 44. Qh8+ Rh7 45. Qf8+ Kg5 46. Ne6+ Kh4 47. Qf4 Bc1 48. Qg3+ 1-0